000 00441nam a2200157 4500
001 113090
003 ES-MaACL
005 20230906185743.0
007 t|
008 061121s1977 sp r ||||1| spa d
100 1 _aNúñez Astrain, Luis C.
_986175
245 1 3 _aLa sociedad vasca actual /
_cLuis C. Núñez.
260 _aSan Sebastián :
_bTxertoa,
_c1977.
300 _a213 p. :
_bil. ;
_c22 cm.
852 _aES-MaACL
_jA-8307
_bR.96993
999 _c113090
_d113090